[Event "ESP-ch U12 Rapid"]
[Site "Salobrena"]
[Date "2022.07.17"]
[Round "9"]
[White "Arce Cano, Lucas"]
[Black "Marsal Calvet, Josep"]
[Result "0-1"]
[WhiteElo "1242"]
[BlackElo "1389"]
[PlyCount "78"]
[EventDate "2022.07.09"]
[EventType "swiss (rapid)"]
[EventRounds "9"]
[EventCountry "ESP"]
[SourceTitle "EXT 2023"]
[Source "ChessBase"]
[SourceDate "2022.10.05"]
[SourceVersion "1"]
[SourceVersionDate "2022.10.05"]
[SourceQuality "1"]

1. e4 c6 2. d3 d5 3. g3 dxe4 4. dxe4 Qxd1+ 5. Kxd1 Nf6 6. Nc3 e5 7. Nf3 Bd6 8. Bg2 Bg4 9. Bg5 Nbd7 10. Ke2 0-0-0 11. Rhd1 Bc7 12. Kf1 h6 13. Bxf6 Nxf6 14. h3 Bxf3 15. Bxf3 Rxd1+ 16. Rxd1 Rd8 17. Rxd8+ Kxd8 18. Ke2 Ke7 19. Bg2 g5 20. h4 g4 21. f3 h5 22. fxg4 hxg4 23. Kd3 Nh5 24. Ne2 Bb6 25. c4 Bf2 26. Bf1 Bxg3 27. Nxg3 Nxg3 28. Bg2 Nh5 29. Bf1 Ke6 30. Ke3 Ng3 31. Be2 Nxe2 32. Kxe2 f5 33. exf5+ Kxf5 34. Kf2 Kg6 35. Kg3 Kh5 36. b3 b6 37. a3 a5 38. b4 a4 39. b5 c5 0-1

[Event "ESP-ch U10"]
[Site "Salobrena"]
[Date "2020.07.24"]
[Round "8"]
[White "Piris Ferrandis, Asier"]
[Black "Arce Cano, Lucas"]
[Result "0-1"]
[WhiteElo "1193"]
[BlackElo "1104"]
[PlyCount "78"]
[EventDate "2020.07.20"]
[EventType "swiss"]
[EventRounds "9"]
[EventCountry "ESP"]
[SourceTitle "EXT 2021"]
[Source "ChessBase"]
[SourceDate "2020.10.23"]
[SourceVersion "1"]
[SourceVersionDate "2020.10.23"]
[SourceQuality "1"]

1. c4 c5 2. Nc3 Nc6 3. Nf3 Nf6 4. g3 g6 5. Bg2 Bg7 6. 0-0 0-0 7. d3 b6 8. Bd2 Bb7 9. Rb1 Nd4 10. Nxd4 Bxg2 11. Kxg2 cxd4 12. Nb5 e5 13. Qc1 a6 14. Na3 Rc8 15. Bh6 b5 16. Bxg7 Kxg7 17. b4 bxc4 18. dxc4 d5 19. c5 Ne4 20. Nc2 Nc3 21. Rb2 Nxe2 22. Qd2 Nc3 23. Re1 Ne4 24. Qd3 a5 25. a3 Rb8 26. f3 Nxc5 27. Qd2 f6 28. Na1 Ne6 29. f4 Qd6 30. Rb3 a4 31. Rf3 e4 32. Rff1 f5 33. Nc2 Qb6 34. Rd1 d3 35. Ne1 Nd4 36. Qc3 Rbc8 37. Qb2 Rc4 38. Nxd3 Rc2+ 39. Qxc2 Nxc2 0-1